000 00697nam a2200229Ia 4500
001 9900
003 GE_BSU
008 181216s||||||||xx |||||||||||||| ||und||
040 _cGE_BSU
080 _a821.353.1–1
100 _aნოზაძე,დავით
245 _aომის დღეები
245 _bლექსები
245 _cრედ. ტ.მებურიშვილი.მხატვ.ე.ბურჯანაძე
260 _aთბილისი
260 _bმერანი
260 _c1984
300 _a30გვ.პორტრ.20სმ.
653 _aლექსები
653 _aომის დღეები
942 _cBK
999 _c43178
_d43178